000 00897cab a2200241 4500
001 ABS52105
008 090401t1995 xxu||||| |||| 00| 0 eng d
035 _a(Sirsi) u61006
041 _aeng
245 _aDevelopment
260 _c1995
350 _a0
490 _aProperty Week
_v50(2) 12 January 1995, 31-40(7)
520 _aSpecial feature on development including articles on the problems facing the housebuilding sector in 1995, calls to restrict the construction industry due to the spiralling building costs and stagnant rental values and how the planning process can work in a developers favour.
650 _aBETTERMENT
650 _aDEVELOPMENT LAND TAX
650 _aHOUSE BUILDING
650 _aPLANNING GAIN
650 _aR V SOUTH NORTHAMPTONSHIRE DC AND OTHERS EX P CREST HOMES PLC
690 _aPROPERTY-PROPERTY DEVELOPMENT
942 _n0
948 _c04/03/1997
999 _c37718
_d37718